00894nam a22002172 45000010005000000030008000050050017000130080041000300350050000710400027001210410008001480820026001561000032001822450131002142600047003453000033003925000131004255040048005566500034006046500038006384178BD-RjUL20211208233840.0131222s1967 ii a 00| 0 eng d aOCLC ocm00244075 from D960930Ma(BD-RjUL)4212 aDLCcDLCdBD-RjULbeng aeng a339.430954bSAS 1967.1 aSahni, Balbir Singh,d1934-10aSaving and economic development :bwith special reference to India /c[by] Balbir S. Sahni. With a foreword by Hans W. Singer. aCalcutta :bScientific Book Agency,c1967. axvii, 149 p.billus.c25 cm. aExpansion of author's thesis, New School for Social Research, New York, 1965, entitled Saving and Indian economic development. a includes index Bibliography: p. [139]-142. 0aSaving and investmentzIndia. 0aEconomic conditionszIndiay1947-